Sports Quiz

Random Sports or MLB Quiz

Arizona Diamondbacks Opening Day Starting Pitchers Quiz Stats

 Plays Quiz Updated Apr 2, 2018

Score 0/21 Timer 05:00
7 Plays Today
Year Starter % Correct
1999Randy Johnson
98.2%
2000Randy Johnson
98.2%
2001Randy Johnson
98.2%
2002Randy Johnson
98.2%
2003Randy Johnson
98.2%
2004Randy Johnson
98.2%
2016Zack Greinke
80.4%
2017Zack Greinke
80.4%
2006Brandon Webb
70.8%
2007Brandon Webb
70.8%
2008Brandon Webb
70.8%
Year Starter % Correct
2009Brandon Webb
70.8%
2018Patrick Corbin
43.5%
2010Dan Haren
28.3%
2011Ian Kennedy
27.9%
2012Ian Kennedy
27.9%
2013Ian Kennedy
27.9%
2015Josh Collmenter
14.6%
1998Andy Benes
13.6%
2014Wade Miley
13.5%
2005Javier Vázquez
10.8%

You're not logged in!

Compare scores with friends on all Sporcle quizzes.
Join for Free
OR
Log In

Show Comments

Extras

Top Quizzes Today


Score Distribution

Your Account Isn't Verified!

In order to create a playlist on Sporcle, you need to verify the email address you used during registration. Go to your Sporcle Settings to finish the process.

Report this User

Report this user for behavior that violates our Community Guidelines.

Details: